000 00834nam a22001337a 4500
040 _cRUA
082 _aANS CHH 2018 B648 Or.1
100 _aCHHOEURN SOYTRY ឈឿន សូយទ្រី
245 _acomparation between CP concentrate and home made on fattenning pig at Mrs soeurng sokkhy farm kandalsteong district kandal province ការប្រៀបធៀបចំណីសម្រេចរបស់ក្រុម​ហ៊ុនCPនិង​ចំណីផ្សំលើការលូតលាស់របស់ជ្រូកសាច់នៅកសិដ្ឋានអ្នកស្រី សឿន សុខឃី ស្រុកកណ្តាលស្ទឹង ខេត្តកណ្តាល
260 _aRUA
_bPhnom penh
_c2018
300 _axi;39p
_bill;
_c29cm
856 _u CHHOEURN SOYTRY
942 _cANS
999 _c18255
_d18255